000 00282nam a2200121Ia 4500
100 _aSrinivasan/A/V
942 _cBK
654 _ajapanese
245 _aJapanese management:the indian concepts
260 _bTata Mc Graw hill
_aNew Delhi
_c1992
300 _a205
546 _aENGLISH
999 _c33961
_d33961